zpět

Detail výsledku týmu

Barcelounoc - Vinohrady, Praha

Datum a čas kvízu

28 Celkem bodů Celkový počet nahraných bodů na tomto kvízu bez doplňovacích otázek.
11. Pořadí na kvízu Konečné umístění týmu na tomto kvízu.

Zaznamenané odpovědi

# Otázka Odpověď Body Výsledky
1. Škodu ve výši cca půl milionu... Tanvaldský Špičák 0
2. Britští archeologové získali z... Stonehenge 0
3. Dlouholetá ředitelka zpravodaj... Jitka Obzinová 1
4. Nejsme sami, kdo se občas dopu... o Austrálii 0
5. Jak jistě víte, v pátek začalo... Jakub Vrána 0
6. Toto téma jste si vybrali Vy s... Philip Zimbardo 1
7. Na konci 30. let 20. století b... C 1
8. Takzvaný Dunningův–Krugerův ef... A D 1
9. Solomon Asch v roce 1951 ve sv... čáry 1
10. Psychologické experimenty se n... B 1